00502nam a2200181Ia 4500001001000000003000500010008004100015010001100056040000900067082001600076100002100092245007700113250000600190260005400196300001100250650003200261650002700293Para_8998CHAP220125s2002 xx 000 0 und d a207776 cCHAP aPA 646.7 G3 aGarcía, Yohana aFrancesco :b una vida etre el cielo y la tierra /c por Yohana García a2 aBuenos Aires, Argentina :b Grupo editorial Lumen a213 p. aMotivación (psicología) aSuperación personal